| Tag |
First Indicator |
Second Indicator |
Subfields |
| LEADER |
00000cam a2200000 a 4500 |
| 001 |
in00004742467 |
| 008 |
001122s2000 wau 000 f eng d |
| 005 |
20230911152408.1 |
| 010 |
|
|
|a 00101966
|
| 035 |
|
|
|a (OCoLC)ocm45415307
|
| 040 |
|
|
|a EOW
|b eng
|c EOW
|d SLC
|d UKM
|d BAKER
|d BTCTA
|d NZNSL
|d YDXCP
|d TOH
|d BGTON
|d O2H
|d OCLCF
|d OCLCQ
|d OCLCO
|d LKC
|d UKMGB
|d MLM
|d OCL
|d OCLCO
|d CNCLB
|d WYZBL
|d OCLCQ
|
| 015 |
|
|
|a GBA0W7183
|2 bnb
|
| 016 |
7 |
|
|a 011989646
|2 Uk
|
| 019 |
|
|
|a 44736450
|a 1059176621
|a 1305551822
|
| 020 |
|
|
|a 0786916788
|q (pbk.)
|
| 020 |
|
|
|a 9780786916788
|q (pbk.)
|
| 035 |
|
|
|a (OCoLC)45415307
|z (OCoLC)44736450
|z (OCoLC)1059176621
|z (OCoLC)1305551822
|
| 050 |
|
4 |
|a PR9199.3.P432
|b D72 2000x
|
| 082 |
0 |
4 |
|a 813.54
|2 21
|
| 084 |
|
|
|a I712.45
|2 clc
|
| 100 |
1 |
|
|a Perrin, Don.
|
| 245 |
1 |
0 |
|a Draconian measures /
|c Don Perrin and Margaret Weis.
|
| 260 |
|
|
|a Renton, WA :
|b Wizards of the Coast,
|c ©2000.
|
| 300 |
|
|
|a 350, 8 pages ;
|c 18 cm
|
| 336 |
|
|
|a text
|b txt
|2 rdacontent
|
| 337 |
|
|
|a unmediated
|b n
|2 rdamedia
|
| 338 |
|
|
|a volume
|b nc
|2 rdacarrier
|
| 490 |
1 |
|
|a Kang's regiment ;
|v v. 2
|
| 500 |
|
|
|a "DragonLance."
|
| 520 |
|
|
|a Commander Kang uses draconian measures to defeat his enemies and thereby save his race.
|
| 650 |
|
0 |
|a Fantasy games
|v Fiction.
|
| 650 |
|
7 |
|a Fantasy games.
|2 fast
|0 (OCoLC)fst00920831
|
| 655 |
|
4 |
|a Series.
|
| 655 |
|
7 |
|a Fantasy fiction.
|2 fast
|0 (OCoLC)fst01726607
|
| 655 |
|
7 |
|a Fiction.
|2 fast
|0 (OCoLC)fst01423787
|
| 655 |
|
7 |
|a Fantasy.
|2 gsafd
|
| 655 |
|
7 |
|a Fantasy fiction.
|2 gsafd
|
| 655 |
|
7 |
|a Fantasy fiction.
|2 lcgft
|
| 700 |
1 |
|
|a Weis, Margaret.
|
| 800 |
1 |
|
|a Perrin, Don.
|t Kang's regiment ;
|v v. 2.
|
| 938 |
|
|
|a Baker & Taylor
|b BKTY
|c 7.99
|d 6.39
|i 0786916788
|n 0003509110
|s active
|
| 938 |
|
|
|a Baker and Taylor
|b BTCP
|n bl2006001386
|
| 938 |
|
|
|a YBP Library Services
|b YANK
|n 100220066
|
| 029 |
1 |
|
|a AU@
|b 000021697394
|
| 029 |
1 |
|
|a AU@
|b 000024143967
|
| 029 |
1 |
|
|a NZ1
|b 14624032
|
| 029 |
1 |
|
|a NZ1
|b 5737141
|
| 029 |
1 |
|
|a UKMGB
|b 011989646
|
| 029 |
1 |
|
|a UKYLI
|b 0786916788
|
| 029 |
1 |
|
|a UNITY
|b 075507935
|
| 994 |
|
|
|a Z0
|b TXA
|
| 948 |
|
|
|h HELD BY TXA - 86 OTHER HOLDINGS
|
| 999 |
f |
f |
|s 153daa0e-060a-44c8-a41f-55e842c115cc
|i af50ebd9-9359-4de8-af84-c502b09b674f
|t 0
|
| 952 |
f |
f |
|p noncirc
|a Texas A&M University
|b College Station
|c Cushing Memorial Library & Archives
|d Cushing: Science Fiction (Does not check out)
|t 0
|e PR9199.3.P432 D72 2000
|h Library of Congress classification
|i unmediated -- volume
|m A1485308941A
|
| 998 |
f |
f |
|a PR9199.3.P432 D72 2000
|t 0
|l Cushing: Science Fiction (Does not check out)
|